ロード中...
Nam thaniye parakkunnu
| 第一著者: | |
|---|---|
| フォーマット: | Printed Book |
| 言語: | Malayalam |
| 出版事項: |
Kozhikode:
Silence,
2014.
|
| LEADER | 00452nam a22001337a 4500 | ||
|---|---|---|---|
| 008 | 160219b xxu||||| |||| 00| 0 mal d | ||
| 082 | |a 294.392 7 OSH/N | ||
| 100 | |a Osho | ||
| 245 | |a Nam thaniye parakkunnu |c /Osho | ||
| 260 | |a Kozhikode: |b Silence, |c 2014. | ||
| 300 | |a 142p. | ||
| 942 | |c BK | ||
| 999 | |c 234121 |d 234121 | ||
| 952 | |0 0 |1 0 |4 0 |6 294_392000000000000_7_OSH_N |7 0 |9 259540 |a MAL |b MAL |c ST1 |d 2016-02-19 |g 100.00 |l 0 |o 294.392 7 OSH/N |p MAL37394 |r 2016-02-19 |w 2016-02-19 |y BK | ||